Normal view
MARC view
- Keller Lane Kevin
Entry Personal Name
001 - CONTROL NUMBER
- control field: 124130
003 - CONTROL NUMBER IDENTIFIER
- control field: NUST
005 - DATE AND TIME OF LATEST TRANSACTION
- control field: 20240706114753.0
008 - FIXED-LENGTH DATA ELEMENTS
- fixed length control field: 240706|| aca||aabn | a|a d
040 ## - CATALOGING SOURCE
- Original cataloging agency: NUST
- Transcribing agency: NUST
100 ## - HEADING--PERSONAL NAME
- Personal name: Keller Lane Kevin
670 ## - SOURCE DATA FOUND
- Source citation: Work cat.: (NUST): Keller Lane Kevin, Marketing Managemet, 2006.
